000
00302nam a22001337a 4500
008
170727b xxu||||| |||| 00| 0 eng d
020
_a
9780205480715
041
_a
eng
080
_2
6TH
_a
004
100
_a
31
101
_a
SHK
245
_a
SPSS FOR WINDOWS STEP BY STEP
_c
GEORGE,D
942
_2
udc
_c
BK
999
_c
22029
_d
22029